| 000 | 00542nam a2200205Ia 4500 | ||
|---|---|---|---|
| 008 | 220204s9999 xx 000 0 und d | ||
| 082 |
_a579.26 _bLYN |
||
| 100 | _aLynch, J M | ||
| 245 | 0 | _aMicrobial ecology: A conceptual approach | |
| 260 |
_aOxford _bBlackwell _c1979 |
||
| 650 | _aMicrobial ecology | ||
| 650 | _aMicrobial energetics | ||
| 650 | _aMicrobiology | ||
| 650 | _aMicroorganisms | ||
| 650 | _aNitrogen fixation | ||
| 650 | _aRecalcitrant molecule | ||
| 650 | _aWater pollution | ||
| 700 | _aPoole, N J | ||
| 942 | _cBK | ||
| 999 |
_c36452 _d36452 |
||